Historic Flags - Statistics

General Stats
  • This quiz has been taken 31 times
  • The average score is 20 of 28
Answer Stats
Picture Answer % Correct
Imperial Japan / Japan
95%
Nazi Germany / Third Reich
91%
Austria-Hungary Empire / Austria-Hungary
86%
Ottoman Empire / Turkey
86%
Republic of China / China
86%
Austrian Empire / Austria
82%
Brazilian Empire / Brazil
82%
German Empire / Germany
82%
Kingdom of France / France
82%
Kingdom of italy / Italy
82%
Spanish Empire / Spain
82%
USSR / Soviet Union
82%
British empire / Britain
77%
Confederate States / CSA (Battle flag)
77%
Holy Roman Empire
77%
Portuguese Empire / Portugal
77%
Russian Empire / Russia
77%
Dominion of Canada / Canada
73%
East Germany
73%
Prussia
68%
Qatar
68%
Dutch Empire / Netherlands
64%
Thirteen Colonies / USA
59%
Qing Dynasty
55%
Australia
45%
New Zealand
45%
Kingdom of Hungary
27%
Tsardom of Russia
27%
No matching quizzes found
Score Distribution
Percent of People with Each Score
Percentile by Number Answered
Your Score History
You have not taken this quiz